[Event "11th EUR-ch"]
[Site "Rijeka CRO"]
[Date "2010.03.06"]
[Round "1"]
[White "Loncar, Robert"]
[Black "Nepomnyaschy, Yan"]
[Result "0-1"]
[WhiteElo "2424"]
[BlackElo "2656"]
[EventDate "2010.03.06"]
[PlyCount "81"]

1.d4 Nf6 2.c4 g6 3.Nc3 d5 4.cxd5 Nxd5 5.e4 Nxc3 6.bxc3 Bg7 7.Nf3 c5 8.Be3 
Qa5 9.Bd2 O-O 10.Be2 Nd7 11.Qc2 e5 12.Rb1 Qc7 13.d5 Nf6 14.O-O Ne8 15.c4 
Nd6 16.Bc3 Re8 17.Bd3 f5 18.Nd2 f4 19.Be2 Qf7 20.Qd1 h5 21.g4 hxg4 22.Bxg4
Bf6 23.Bxc8 Raxc8 24.f3 Kg7 25.Rf2 Rh8 26.Rg2 Rh3 27.Qe2 Rch8 28.Kh1 Qe7 
29.Rbg1 g5 30.Nf1 Nf7 31.Qd1 Qd6 32.Rb2 Qa6 33.Qd3 R8h5 34.Rbg2 Kf8 35.d6 
Qxd6 36.Qb1 Rxf3 37.Rd2 Qc6 38.Bb2 Rfh3 39.Rd5 b6 40.Qd1 Qe6 41.Nd2 0-1

[Event "11th EUR-ch"]
[Site "Rijeka CRO"]
[Date "2010.03.06"]
[Round "1"]
[White "Timofeev, Artiom"]
[Black "Pancevski, Filip"]
[Result "1-0"]
[WhiteElo "2655"]
[BlackElo "2423"]
[EventDate "2010.03.06"]
[PlyCount "73"]

1.e4 d6 2.d4 Nf6 3.Nc3 g6 4.Be3 Bg7 5.Qd2 c6 6.Bh6 Bxh6 7.Qxh6 e5 8.Nf3 
Qe7 9.Bd3 b5 10.O-O Bb7 11.dxe5 dxe5 12.a4 b4 13.Nd1 Nbd7 14.Ne3 a5 15.
Rfd1 Nb6 16.c3 bxc3 17.bxc3 O-O-O 18.Ne1 Nfd7 19.Rdb1 Kc7 20.Nc4 Nxc4 21.
Bxc4 f6 22.Ra2 Rb8 23.Rd2 Nb6 24.Bb3 Ba6 25.Qe3 Rhd8 26.Rdb2 Rb7 27.c4 
Rdb8 28.Qc3 Qb4 29.Qc2 Bxc4 30.Bxc4 Qxc4 31.Rxb6 Rxb6 32.Qxc4 Rxb1 33.Qf7+
Kb6 34.Kf1 Rd8 35.Ke2 Rb2+ 36.Ke3 Rdd2 37.Nd3 1-0

[Event "11th EUR-ch"]
[Site "Rijeka CRO"]
[Date "2010.03.06"]
[Round "1"]
[White "Bodiroga, Predrag"]
[Black "Krasenkow, Michal"]
[Result "0-1"]
[WhiteElo "2422"]
[BlackElo "2652"]
[EventDate "2010.03.06"]
[PlyCount "106"]

1.d4 d6 2.Bf4 g6 3.Nf3 Bg7 4.e3 Nd7 5.h3 e5 6.Bh2 Qe7 7.Be2 Nh6 8.c4 f5 9.
Nc3 c6 10.Qb3 O-O 11.Qa3 Nf7 12.dxe5 Nfxe5 13.Rd1 Nc5 14.O-O Be6 15.Nxe5 
dxe5 16.Nd5 cxd5 17.cxd5 Rfc8 18.dxe6 Qxe6 19.b3 Kh8 20.Bc4 Qe8 21.Rd5 Ne4
22.Qb2 Rc5 23.f3 Rxd5 24.Bxd5 Nd6 25.Rc1 e4 26.Qa3 exf3 27.Bxd6 Qxe3+ 28.
Kh1 f2 29.Rf1 Rd8 30.Bc4 b5 31.Qc5 Qxc5 32.Bxc5 bxc4 33.bxc4 Bd4 34.Bxd4+ 
Rxd4 35.Rxf2 Rxc4 36.g3 Kg7 37.Rd2 Ra4 38.Kg2 Kf6 39.Re2 Ra3 40.Kh2 g5 41.
Kg2 a5 42.Rf2 h5 43.Rc2 a4 44.Rb2 g4 45.hxg4 hxg4 46.Re2 Rc3 47.Rb2 a3 48.
Re2 Rc1 49.Kf2 Rb1 50.Ke3 Rb2 51.Rf2 Rxf2 52.Kxf2 Ke5 53.Ke3 f4+ 0-1

[Event "11th EUR-ch"]
[Site "Rijeka CRO"]
[Date "2010.03.06"]
[Round "1"]
[White "Pashikian, Arman"]
[Black "Ris, Robert"]
[Result "1-0"]
[WhiteElo "2652"]
[BlackElo "2422"]
[EventDate "2010.03.06"]
[PlyCount "95"]

1.d4 d5 2.c4 dxc4 3.e4 e5 4.Nf3 exd4 5.Bxc4 Bb4+ 6.Bd2 Bxd2+ 7.Nbxd2 Qf6 
8.O-O Ne7 9.e5 Qg6 10.Nxd4 Nbc6 11.N2f3 O-O 12.e6 fxe6 13.Re1 Nxd4 14.Ne5 
Nf3+ 15.Qxf3 Rxf3 16.Nxg6 Rf7 17.Ne5 Rf8 18.Rad1 Nd5 19.g3 c6 20.f4 a5 21.
Rd2 Rd8 22.a3 g6 23.h4 Kg7 24.Kf2 Bd7 25.Nxd7 Rxd7 26.Rxe6 Rad8 27.Bb3 Nc7
28.Re7+ Rxe7 29.Rxd8 h5 30.Rg8+ Kf6 31.Bc2 Rg7 32.Rxg7 Kxg7 33.f5 gxf5 34.
Bxf5 Nb5 35.Ke3 Nd6 36.Bd3 c5 37.Kf4 Kf6 38.Be2 a4 39.Bxh5 Nc4 40.Be2 Nxb2
41.Ke4 Ke6 42.g4 Kf6 43.g5+ Kg6 44.Kd5 b6 45.Ke5 c4 46.Kd4 b5 47.Kc3 b4+ 
48.Kxb4 1-0

[Event "11th EUR-ch"]
[Site "Rijeka CRO"]
[Date "2010.03.06"]
[Round "1"]
[White "Piscopo, Pierluigi"]
[Black "Roiz, Michael"]
[Result "1/2-1/2"]
[WhiteElo "2418"]
[BlackElo "2652"]
[EventDate "2010.03.06"]
[PlyCount "70"]

1.e4 e6 2.Qe2 c5 3.Nf3 Nc6 4.g3 Nge7 5.Bg2 g6 6.O-O Bg7 7.c3 O-O 8.d4 cxd4
9.cxd4 d5 10.Nc3 dxe4 11.Nxe4 Nf5 12.Bg5 Qb6 13.Rad1 Ncxd4 14.Nxd4 Nxd4 
15.Qe3 Nf5 16.Qxb6 axb6 17.g4 h6 18.gxf5 hxg5 19.f6 Bh6 20.a3 e5 21.Rd6 
Ra6 22.Rd5 Ra5 23.Rd6 Ra6 24.Rd5 g4 25.Rxe5 Be6 26.Rd1 Bf4 27.Rb5 Bc4 28.
Rb4 Be6 29.Rb5 Rb8 30.Bf1 Ra4 31.Nc3 Ra5 32.Nd5 Rxb5 33.Bxb5 Be5 34.b4 Kh7
35.Nxb6 Rh8 1/2-1/2

[Event "11th EUR-ch"]
[Site "Rijeka CRO"]
[Date "2010.03.06"]
[Round "1"]
[White "Savchenko, Boris"]
[Black "Buss, Ralph"]
[Result "1-0"]
[WhiteElo "2652"]
[BlackElo "2416"]
[EventDate "2010.03.06"]
[PlyCount "59"]

1.e4 c5 2.Nf3 d6 3.d4 cxd4 4.Nxd4 Nf6 5.Nc3 a6 6.Bg5 e6 7.f4 Qb6 8.Nb3 Be7
9.Qf3 Nbd7 10.O-O-O Qc7 11.g4 b5 12.Bxf6 Nxf6 13.g5 Nd7 14.a3 Rb8 15.Rd4 
Nc5 16.Bd3 Nxb3+ 17.cxb3 Qc5 18.Rd1 Bd7 19.Bc2 b4 20.axb4 Rxb4 21.Rxb4 
Qxb4 22.Kb1 O-O 23.e5 d5 24.Qh3 g6 25.Nxd5 exd5 26.Qxd7 Rd8 27.Qg4 Bc5 28.
e6 Qb7 29.f5 Bf8 30.f6 1-0

[Event "11th EUR-ch"]
[Site "Rijeka CRO"]
[Date "2010.03.06"]
[Round "1"]
[White "Barle, Janez"]
[Black "Fridman, Daniel"]
[Result "0-1"]
[WhiteElo "2415"]
[BlackElo "2650"]
[EventDate "2010.03.06"]
[PlyCount "106"]

1.e4 c6 2.d4 d5 3.exd5 cxd5 4.c4 Nf6 5.Nc3 Nc6 6.c5 e5 7.dxe5 Ng4 8.Qxd5 
Be6 9.Qxd8+ Rxd8 10.Bg5 Bxc5 11.Bxd8 Bxf2+ 12.Kd1 Kxd8 13.Nf3 Bb6 14.Bb5 
Nf2+ 15.Ke2 Nxh1 16.Rxh1 Nd4+ 17.Kd3 Nxb5 18.Nxb5 Ke7 19.Nbd4 Rd8 20.b3 g5
21.h3 h5 22.Ke4 Bd5+ 23.Kf5 Bxd4 24.Nxd4 Bxg2 25.Rh2 Bxh3+ 26.Rxh3 Rxd4 
27.Rxh5 Rd2 28.Rh8 g4 29.Rb8 g3 30.Rxb7+ Kf8 31.Rb8+ Kg7 32.Rb4 Rf2+ 33.
Kg5 g2 34.Rg4 Rxa2 35.Kf5+ Kf8 36.Rg3 Ke7 37.Kg4 Rb2 38.Kf5 Kd7 39.Rg5 a5 
40.Rg4 Rf2+ 41.Ke4 Ke6 42.Rg8 Re2+ 43.Kd3 Rb2 44.Kc3 Rf2 45.Kd4 Kf5 46.Ke3
Rb2 47.Kd4 Rd2+ 48.Ke3 Ra2 49.Kd4 a4 50.bxa4 Rxa4+ 51.Ke3 Rg4 52.Rxg4 Kxg4
53.Kf2 Kf5 0-1

[Event "11th EUR-ch"]
[Site "Rijeka CRO"]
[Date "2010.03.06"]
[Round "1"]
[White "Sutovsky, Emil"]
[Black "Baron, Tal"]
[Result "1-0"]
[WhiteElo "2650"]
[BlackElo "2415"]
[EventDate "2010.03.06"]
[PlyCount "47"]

1.e4 c5 2.Nf3 Nc6 3.Bb5 g6 4.Bxc6 dxc6 5.d3 Bg7 6.h3 Nf6 7.Nc3 Nd7 8.Be3 
e5 9.Qd2 h6 10.O-O Qe7 11.Nh2 Nf8 12.f4 exf4 13.Bxf4 Ne6 14.Bg3 Nd4 15.
Rae1 O-O 16.e5 Bf5 17.Ne4 Bxe4 18.Rxe4 h5 19.Bh4 Qe6 20.g4 Qxa2 21.gxh5 
Qxb2 22.h6 Bh8 23.h7+ Kxh7 24.Bf6 1-0

[Event "11th EUR-ch"]
[Site "Rijeka CRO"]
[Date "2010.03.06"]
[Round "1"]
[White "Jakovljevic, Vlado"]
[Black "Zhigalko, Sergei"]
[Result "0-1"]
[WhiteElo "2412"]
[BlackElo "2648"]
[EventDate "2010.03.06"]
[PlyCount "52"]

1.Nf3 Nf6 2.c4 e6 3.Nc3 Bb4 4.Qc2 O-O 5.a3 Bxc3 6.Qxc3 d6 7.b4 e5 8.d3 Bg4
9.Nd2 Nc6 10.f3 Bd7 11.b5 Nd4 12.Nb3 Nxb3 13.Qxb3 a6 14.bxa6 b6 15.e4 Nh5 
16.Be3 Rxa6 17.g3 Qf6 18.Bg2 Nf4 19.O-O Nxg2 20.Kxg2 Qg6 21.d4 exd4 22.
Bxd4 Ra5 23.Rae1 Be6 24.e5 Rd8 25.exd6 Rxd6 26.Bc3 Rh5 0-1

[Event "11th EUR-ch"]
[Site "Rijeka CRO"]
[Date "2010.03.06"]
[Round "1"]
[White "Smirin, Ilia"]
[Black "Schroll, Gerhard"]
[Result "1-0"]
[WhiteElo "2647"]
[BlackElo "2411"]
[EventDate "2010.03.06"]
[PlyCount "79"]

1.e4 Nf6 2.e5 Nd5 3.d4 d6 4.Nf3 dxe5 5.Nxe5 c6 6.Bc4 Nd7 7.Nd3 N7f6 8.c3 
Bf5 9.O-O e6 10.Re1 Be7 11.Qe2 O-O 12.Nd2 Qc7 13.Nf3 Rad8 14.Bb3 h6 15.h3 
Bh7 16.c4 Nb4 17.Bf4 Bd6 18.Bxd6 Qxd6 19.Nc5 Qc7 20.Qd2 Na6 21.Nxa6 bxa6 
22.Bc2 Bxc2 23.Qxc2 Rb8 24.Re5 Nd7 25.Re3 Rb4 26.Ne1 Rfb8 27.Nd3 R4b7 28.
Qc3 c5 29.b3 a5 30.Rg3 g6 31.Qd2 a4 32.Qxh6 axb3 33.Nf4 Nf8 34.Nh5 f5 35.
axb3 Rxb3 36.Rxb3 Rxb3 37.Nf6+ Kf7 38.Nh7 Nd7 39.Ng5+ Kf6 40.Nxe6 1-0

[Event "11th EUR-ch"]
[Site "Rijeka CRO"]
[Date "2010.03.06"]
[Round "1"]
[White "Petre, Nad-Titus"]
[Black "Gustafsson, Jan"]
[Result "0-1"]
[WhiteElo "2410"]
[BlackElo "2646"]
[EventDate "2010.03.06"]
[PlyCount "90"]

1.Nf3 g6 2.d4 Nf6 3.g3 Bg7 4.Bg2 d5 5.O-O O-O 6.Nbd2 a5 7.c4 c6 8.b3 Ne4 
9.Bb2 a4 10.bxa4 Nc5 11.Ba3 Nxa4 12.Qc2 Nb6 13.Bb2 Bf5 14.Qb3 dxc4 15.Nxc4
Nxc4 16.Qxc4 b5 17.Qc1 Be4 18.Rd1 Qd5 19.a3 Nd7 20.Ne1 Bxg2 21.Nxg2 Nb6 
22.Nf4 Qc4 23.Nd3 Qxc1 24.Rdxc1 Nc4 25.e3 c5 26.Rxc4 bxc4 27.Nxc5 Rfc8 28.
Ra2 c3 29.Bc1 e5 30.Rc2 exd4 31.exd4 Bxd4 32.Nd3 Re8 33.Kg2 Kg7 34.h4 Kf6 
35.Kf3 h5 36.Nb4 Rac8 37.Bf4 Kf5 38.Nd5 Rc5 39.Nb4 Rc4 40.Nd3 Bf6 41.Bc1 
Rd8 42.Nb4 g5 43.hxg5 Bxg5 44.Bxg5 Kxg5 45.Ke2 Kg4 0-1

[Event "11th EUR-ch"]
[Site "Rijeka CRO"]
[Date "2010.03.06"]
[Round "1"]
[White "Zviagintsev, Vadim"]
[Black "Rukavina, Josip"]
[Result "1-0"]
[WhiteElo "2643"]
[BlackElo "2409"]
[EventDate "2010.03.06"]
[PlyCount "87"]

1.e4 c6 2.d4 d5 3.f3 g6 4.Nc3 Bg7 5.Be3 dxe4 6.fxe4 e5 7.dxe5 Qxd1+ 8.Rxd1
Bg4 9.Nf3 Nd7 10.h3 Bxf3 11.gxf3 Bxe5 12.f4 Bxc3+ 13.bxc3 Ngf6 14.Bg2 
O-O-O 15.Kf2 Rhe8 16.e5 Nh5 17.Bf3 Ng7 18.Bxa7 Kc7 19.Rd2 Ne6 20.Be3 Ra8 
21.h4 Rxa2 22.h5 Re7 23.hxg6 fxg6 24.Rb1 Ndc5 25.Rb4 Rd7 26.Re2 Ra3 27.Rc4
Na4 28.Re1 Ra2 29.Kg3 Nb2 30.Rb4 b5 31.Bg4 Re7 32.Rb1 Nc4 33.Rxc4 bxc4 34.
Bb6+ Kd7 35.Bc5 Re8 36.Rb7+ Kc8 37.Rxh7 Kb8 38.Bd6+ Ka8 39.Bf3 Ra6 40.Be4 
Rg8 41.Kg4 Rb6 42.Re7 Nd8 43.Rc7 Rb8 44.e6 1-0

[Event "11th EUR-ch"]
[Site "Rijeka CRO"]
[Date "2010.03.06"]
[Round "1"]
[White "Zavhorodnii, Serhii"]
[Black "Postny, Evgeny"]
[Result "1/2-1/2"]
[WhiteElo "2409"]
[BlackElo "2641"]
[EventDate "2010.03.06"]
[PlyCount "111"]

1.e4 c5 2.Nf3 e6 3.b3 a6 4.Bb2 Nc6 5.g3 d5 6.exd5 exd5 7.Qe2+ Qe7 8.Qxe7+ 
Ngxe7 9.Nc3 d4 10.Na4 Nd5 11.Bc4 Ncb4 12.O-O b5 13.Bxd5 Nxd5 14.c4 bxa4 
15.cxd5 f6 16.Rfc1 Bf5 17.Ba3 Rc8 18.d6 Bg4 19.Ne1 Bxd6 20.Nd3 Kf7 21.Bxc5
Bb8 22.Nb4 a5 23.Na6 Rc6 24.Nxb8 Rxb8 25.Bxd4 Rxc1+ 26.Rxc1 axb3 27.axb3 
Rxb3 28.f4 Bd7 29.Rc7 Ke6 30.Ra7 a4 31.Kf2 Rd3 32.Bc3 h5 33.Ra5 Rd5 34.
Rxd5 Kxd5 35.d3 a3 36.Ke3 a2 37.Bb2 Bh3 38.Bc3 Ke6 39.Ke4 Bg2+ 40.Ke3 Kf5 
41.h4 Bf1 42.Bb2 Bxd3 43.Bc3 Kg4 44.Kf2 Bc4 45.Bb2 Bb3 46.Bc3 Kf5 47.Ke3 
g6 48.Bb2 Be6 49.Bc3 Kg4 50.Kf2 f5 51.Be5 Bd5 52.Bf6 Bc6 53.Be5 Be4 54.Bf6
Bb7 55.Be5 Bh1 56.Bf6 1/2-1/2

[Event "11th EUR-ch"]
[Site "Rijeka CRO"]
[Date "2010.03.06"]
[Round "1"]
[White "Efimenko, Zahar"]
[Black "Reutsky, Sergei"]
[Result "1-0"]
[WhiteElo "2640"]
[BlackElo "2404"]
[EventDate "2010.03.06"]
[PlyCount "89"]

1.e4 e6 2.d4 d5 3.Nc3 Bb4 4.e5 c5 5.a3 Bxc3+ 6.bxc3 Qc7 7.Qg4 Ne7 8.Bd3 
cxd4 9.Ne2 Qxe5 10.Bf4 h5 11.Qh4 Nf5 12.Qg5 Qf6 13.Qxf6 gxf6 14.Bxf5 exf5 
15.Bxb8 Rxb8 16.cxd4 h4 17.Kd2 Ke7 18.Nf4 Kd6 19.Rhb1 Bd7 20.a4 Rhc8 21.a5
Rc7 22.Ra3 Rbc8 23.c3 Rg8 24.Rab3 Bc6 25.Re1 Rg4 26.g3 Rg8 27.Rbb1 Rh8 28.
Rh1 Re7 29.Ng2 h3 30.Nf4 Rc7 31.Rhe1 Bd7 32.Rb3 Rh7 33.Nd3 Rh8 34.Nc5 Bc6 
35.Re3 f4 36.Rf3 fxg3 37.fxg3 Rh6 38.Rb1 Re7 39.Rbf1 b6 40.axb6 axb6 41.
Rxf6+ Rxf6 42.Rxf6+ Kc7 43.Na6+ Kb7 44.Nb4 Bb5 45.Rxb6+ 1-0

[Event "11th EUR-ch"]
[Site "Rijeka CRO"]
[Date "2010.03.06"]
[Round "1"]
[White "Martic, Zlatko"]
[Black "Mamedov, Rauf"]
[Result "0-1"]
[WhiteElo "2404"]
[BlackElo "2639"]
[EventDate "2010.03.06"]
[PlyCount "77"]

1.d4 d6 2.c4 e5 3.Nf3 exd4 4.Nxd4 g6 5.Nc3 Bg7 6.g3 Ne7 7.Bg2 O-O 8.Bg5 h6
9.Be3 Nd7 10.Qc1 Nb6 11.Nd5 c5 12.Nxe7+ Qxe7 13.Nf3 Kh7 14.a4 a5 15.O-O 
Be6 16.Nd2 Rac8 17.Ra3 Qc7 18.Rd1 Rfd8 19.h4 d5 20.Rb3 Nxa4 21.h5 b6 22.
Bf4 Qe7 23.hxg6+ fxg6 24.cxd5 Bxd5 25.Re3 Qf7 26.Bh3 Nxb2 27.Re1 Rc6 28.
Be5 Na4 29.Nf3 b5 30.Bxg7 Qxg7 31.Ne5 Rcd6 32.f4 b4 33.f5 gxf5 34.Qc2 Nc3 
35.Qxf5+ Kh8 36.Rf1 Rg8 37.Rf4 Qg5 38.Qd3 Qxf4 39.Bf1 0-1

[Event "11th EUR-ch"]
[Site "Rijeka CRO"]
[Date "2010.03.06"]
[Round "1"]
[White "Predojevic, Borki"]
[Black "Mihok, Oliver"]
[Result "1-0"]
[WhiteElo "2639"]
[BlackElo "2403"]
[EventDate "2010.03.06"]
[PlyCount "73"]

1.e4 c5 2.Nf3 Nc6 3.Nc3 e5 4.Bc4 d6 5.d3 h6 6.a3 g6 7.b4 Bg7 8.Be3 Nge7 9.
bxc5 dxc5 10.Bxc5 Qa5 11.Bb4 Nxb4 12.axb4 Qxb4 13.Qd2 O-O 14.Nb5 Qc5 15.
Qe3 Qxe3+ 16.fxe3 Bg4 17.O-O Kh7 18.Bxf7 a6 19.Nd6 Nc8 20.Nxb7 Rxf7 21.
Ng5+ hxg5 22.Rxf7 Kg8 23.Rc7 Ra7 24.c4 Bf8 25.c5 Ne7 26.d4 exd4 27.exd4 
Bg7 28.Ra4 Bd1 29.Rc4 Be2 30.Rc2 Bxd4+ 31.Kh1 Bd3 32.Rd2 Bxc5 33.Rxd3 Bb4 
34.Rdd7 Kf8 35.Nc5 Rxc7 36.Rxc7 a5 37.Nd3 1-0

[Event "11th EUR-ch"]
[Site "Rijeka CRO"]
[Date "2010.03.06"]
[Round "1"]
[White "Berkovich, Mark"]
[Black "Sokolov, Ivan"]
[Result "0-1"]
[WhiteElo "2401"]
[BlackElo "2638"]
[EventDate "2010.03.06"]
[PlyCount "68"]

1.e4 c5 2.Nf3 e6 3.Nc3 a6 4.g3 b5 5.Bg2 Bb7 6.d4 cxd4 7.Nxd4 Nf6 8.Bg5 b4 
9.Na4 Qa5 10.Bxf6 gxf6 11.c3 f5 12.O-O fxe4 13.cxb4 Bxb4 14.a3 Be7 15.b4 
Qe5 16.Nc5 Bd5 17.Re1 Bxc5 18.bxc5 Nc6 19.Nxc6 Bxc6 20.Rc1 Rb8 21.Rc4 Bd5 
22.Rb4 Ke7 23.Qe2 f5 24.Qh5 Qc3 25.Qh4+ Qf6 26.Rxb8 Rxb8 27.Qxh7+ Kd8 28.
Qh5 Rb2 29.h4 Kc7 30.Re2 Rb1+ 31.Kh2 Bc6 32.Rd2 f4 33.Qg4 f3 34.Bh3 Qa1 
0-1

[Event "11th EUR-ch"]
[Site "Rijeka CRO"]
[Date "2010.03.06"]
[Round "1"]
[White "Kobalia, Mikhail"]
[Black "Hamitevici, Vladimir"]
[Result "1/2-1/2"]
[WhiteElo "2637"]
[BlackElo "2401"]
[EventDate "2010.03.06"]
[PlyCount "64"]

1.e4 c5 2.Nf3 d6 3.Bc4 Nf6 4.d3 Nc6 5.c3 g6 6.O-O Bg7 7.Bb3 O-O 8.h3 e5 9.
Re1 b5 10.Nbd2 a5 11.a4 b4 12.Nf1 h6 13.Be3 Ba6 14.Bc2 Rc8 15.Ng3 Kh8 16.
d4 bxc3 17.bxc3 cxd4 18.cxd4 Nb4 19.Bb1 Nd7 20.Ra3 Nb6 21.dxe5 Nc4 22.Rc3 
Nxe3 23.Rxc8 Qxc8 24.Rxe3 dxe5 25.Qb3 Qc4 26.Qxc4 Bxc4 27.Rc3 Be6 28.Nf1 
Rc8 29.Rxc8+ Bxc8 30.Ne3 Be6 31.Nd2 Bd7 32.Ndc4 Bxa4 1/2-1/2

[Event "11th EUR-ch"]
[Site "Rijeka CRO"]
[Date "2010.03.06"]
[Round "1"]
[White "Kargin, Arseny"]
[Black "Socko, Bartosz"]
[Result "0-1"]
[WhiteElo "2400"]
[BlackElo "2637"]
[EventDate "2010.03.06"]
[PlyCount "48"]

1.e4 e6 2.d4 d5 3.Nc3 Bb4 4.e5 Ne7 5.a3 Bxc3+ 6.bxc3 c5 7.Qg4 Kf8 8.Bd2 
Qc7 9.Bd3 b6 10.Nh3 cxd4 11.cxd4 Ba6 12.Nf4 Bxd3 13.cxd3 Nbc6 14.Nh5 Nf5 
15.O-O g6 16.Nf6 h5 17.Qg5 Ncxd4 18.Rfe1 Nb3 19.Bb4+ Kg7 20.Rab1 a5 21.Bd6
Nxd6 22.Nxd5 Qd8 23.Ne7 Ne8 24.Rxb3 h4 0-1

[Event "11th EUR-ch"]
[Site "Rijeka CRO"]
[Date "2010.03.06"]
[Round "1"]
[White "Landa, Konstantin"]
[Black "Nedilko, Vasyl"]
[Result "1-0"]
[WhiteElo "2635"]
[BlackElo "2400"]
[EventDate "2010.03.06"]
[PlyCount "81"]

1.d4 Nf6 2.c4 g6 3.Nc3 d5 4.Qb3 dxc4 5.Qxc4 Bg7 6.e4 O-O 7.Be2 Na6 8.Nf3 
c5 9.d5 e6 10.O-O exd5 11.exd5 Bf5 12.Be3 Re8 13.Rad1 Qb6 14.Nh4 Bd7 15.
Rb1 Qa5 16.a4 Rac8 17.Rfd1 Nb4 18.Rbc1 a6 19.Qf4 h6 20.Qd6 g5 21.Nf3 Bf5 
22.Nd2 Qd8 23.Nc4 b5 24.axb5 axb5 25.Nxb5 Nfxd5 26.Qxd8 Rexd8 27.Nbd6 Nxe3
28.Nxe3 Bg6 29.Nxc8 Rxc8 30.Rd2 h5 31.b3 Bf6 32.Nd5 Nxd5 33.Rxd5 Rb8 34.
Bc4 Be7 35.Rd7 Bf6 36.Rd5 Be7 37.Ra1 g4 38.Kf1 Rb6 39.Ra6 Rxa6 40.Bxa6 Kg7
41.Bd3 1-0

[Event "11th EUR-ch"]
[Site "Rijeka CRO"]
[Date "2010.03.06"]
[Round "1"]
[White "Firat, Burak"]
[Black "Sakaev, Konstantin"]
[Result "1-0"]
[WhiteElo "2398"]
[BlackElo "2635"]
[EventDate "2010.03.06"]
[PlyCount "97"]

1.e4 c5 2.Nf3 d6 3.d4 cxd4 4.Nxd4 Nf6 5.Nc3 a6 6.Bg5 Nbd7 7.Bc4 Qa5 8.Qd2 
e6 9.O-O h6 10.Bh4 Be7 11.Rae1 Ne5 12.Bb3 g5 13.Bg3 Nh5 14.f4 gxf4 15.Bxf4
Nxf4 16.Qxf4 Qc5 17.Rd1 Bd7 18.Kh1 O-O-O 19.Nf3 Rh7 20.Ne2 Ng6 21.Qd2 Kb8 
22.Ned4 h5 23.c3 h4 24.h3 Ne5 25.Bc2 Rg7 26.Rf2 Rdg8 27.Nb3 Qb6 28.Qd4 
Qxd4 29.Nbxd4 Nc4 30.Bd3 Rc8 31.Bxc4 Rxc4 32.e5 d5 33.Nh2 b5 34.a3 a5 35.
Rdf1 Be8 36.Ng4 b4 37.axb4 axb4 38.Rf3 bxc3 39.bxc3 Kc7 40.Nh6 Kd7 41.Ng4 
Ra4 42.Rb1 Rc4 43.Rf2 Rxc3 44.Ra2 Rc8 45.Rb7+ Kd8 46.Ra6 Bc5 47.Nxe6+ fxe6
48.Rxg7 Rb8 49.Kh2 1-0

[Event "11th EUR-ch"]
[Site "Rijeka CRO"]
[Date "2010.03.06"]
[Round "1"]
[White "Sale, Srdjan"]
[Black "Papaioannou, Ioannis"]
[Result "1/2-1/2"]
[WhiteElo "2396"]
[BlackElo "2630"]
[EventDate "2010.03.06"]
[PlyCount "176"]

1.e4 d5 2.Nc3 dxe4 3.Nxe4 Qd5 4.Nc3 Qa5 5.g3 Nf6 6.Bg2 g6 7.b4 Qb6 8.Bb2 
Bg7 9.Nd5 Nxd5 10.Bxg7 Rg8 11.Bxd5 Rxg7 12.Ne2 Qxb4 13.O-O c6 14.Bg2 Nd7 
15.c3 Qd6 16.Nd4 Kf8 17.Re1 Nf6 18.Qb3 Rg8 19.a4 Kg7 20.a5 Rb8 21.Qa3 Re8 
22.a6 Qxa3 23.Rxa3 c5 24.axb7 Bxb7 25.Nb3 c4 26.Na5 Ba6 27.Nc6 Rb6 28.Nb4 
Bb5 29.Rxa7 e6 30.Nc2 e5 31.Rb1 Ree6 32.Na3 Bd7 33.Rxb6 Rxb6 34.Bf1 Rb2 
35.Nxc4 Rb1 36.Ne3 Bh3 37.f3 e4 38.Kf2 Bxf1 39.Nxf1 exf3 40.Ra4 Nd7 41.Re4
Kf8 42.Re1 Rb2 43.Kxf3 h5 44.Re2 f5 45.Ne3 Nf6 46.Nc4 Rb1 47.Nd6 Rf1+ 48.
Kg2 Rd1 49.h4 Nd5 50.Kf3 Rf1+ 51.Rf2 Re1 52.c4 Nb4 53.Re2 Rf1+ 54.Ke3 Ke7 
55.c5 Kd7 56.Nc4 f4+ 57.gxf4 Kc6 58.Ne5+ Kxc5 59.Nxg6 Kd5 60.Rg2 Re1+ 61.
Kf3 Nd3 62.Rg5+ Kd4 63.Rxh5 Rf1+ 64.Kg4 Ke4 65.Rh8 Rg1+ 66.Kh5 Nxf4+ 67.
Nxf4 Kxf4 68.Rf8+ Ke5 69.Kh6 Rg2 70.Rd8 Kf6 71.h5 Kf7 72.Kh7 Rf2 73.Rd7+ 
Ke6 74.Rd4 Kf7 75.h6 Kf8 76.Kg6 Rg2+ 77.Kf5 Rh2 78.Kg6 Rg2+ 79.Kh7 Rf2 80.
d3 Rf3 81.Rd5 Kf7 82.Rd8 Rf4 83.Rg8 Rd4 84.Rg7+ Kf6 85.Rg3 Rd7+ 86.Kh8 
Rd8+ 87.Rg8 Rxd3 88.Ra8 Kf7 1/2-1/2

[Event "11th EUR-ch"]
[Site "Rijeka CRO"]
[Date "2010.03.06"]
[Round "1"]
[White "Vuckovic, Bojan"]
[Black "Plat, Vojtech"]
[Result "1/2-1/2"]
[WhiteElo "2630"]
[BlackElo "2395"]
[EventDate "2010.03.06"]
[PlyCount "138"]

1.e4 c5 2.Nf3 Nc6 3.d4 cxd4 4.Nxd4 g6 5.c4 Bg7 6.Be3 Nf6 7.Nc3 d6 8.Be2 
O-O 9.O-O Bd7 10.Nc2 Rc8 11.f3 Ne8 12.Qd2 Nc7 13.Rad1 Be6 14.f4 f5 15.exf5
Bxf5 16.Nd4 Nxd4 17.Bxd4 Bxd4+ 18.Qxd4 b6 19.g4 Bd7 20.f5 Qe8 21.Bd3 gxf5 
22.Bxf5 Bxf5 23.Rxf5 Qg6 24.Rdf1 Rxf5 25.Rxf5 Ne6 26.Qe4 Ng7 27.Rf4 Qxe4 
28.Rxe4 Kf7 29.Kf2 e5 30.b3 a6 31.Re3 Ne6 32.Rf3+ Kg7 33.Nd5 b5 34.Ne7 Rd8
35.Nf5+ Kg8 36.Rd3 bxc4 37.bxc4 Nc5 38.Rd5 Nb7 39.Rd1 Kf7 40.Rb1 Nc5 41.
Rb6 Ke6 42.Ke3 a5 43.Rc6 Nb7 44.Rc7 Rd7 45.Rxd7 Kxd7 46.Ng3 a4 47.Ne4 Ke7 
48.Kd3 Ke6 49.Kc3 h6 50.h4 d5 51.cxd5+ Kxd5 52.Nf6+ Ke6 53.Ng8 h5 54.gxh5 
Nd6 55.h6 Kf7 56.h7 Kg7 57.Nf6 e4 58.Kb4 e3 59.Nh5+ Kxh7 60.Nf4 Ne4 61.Kc4
Ng3 62.Kd3 Nf5 63.Ng2 Kg6 64.Ke4 e2 65.Nf4+ Kf6 66.Nxe2 Nxh4 67.Nc3 Ke6 
68.Nxa4 Kd6 69.Nc3 Kc6 1/2-1/2

[Event "11th EUR-ch"]
[Site "Rijeka CRO"]
[Date "2010.03.06"]
[Round "1"]
[White "Bajarani, Ulvi"]
[Black "l`Ami, Erwin"]
[Result "1/2-1/2"]
[WhiteElo "2395"]
[BlackElo "2628"]
[EventDate "2010.03.06"]
[PlyCount "112"]

1.c4 Nf6 2.g3 c6 3.b3 d5 4.Bb2 Bf5 5.Nf3 e6 6.Bg2 Nbd7 7.O-O Bd6 8.d3 Qe7 
9.Nbd2 O-O 10.Re1 Ba3 11.Qc1 Bxb2 12.Qxb2 e5 13.cxd5 cxd5 14.e4 dxe4 15.
Nh4 Be6 16.Nxe4 Nxe4 17.Bxe4 Rab8 18.d4 exd4 19.Qxd4 Qc5 20.Rad1 Qxd4 21.
Rxd4 Nc5 22.Bf3 Rbd8 23.Red1 Rxd4 24.Rxd4 g5 25.Ng2 Nd7 26.Ne3 Ne5 27.Bg2 
g4 28.Kf1 b6 29.Bd5 Rd8 30.Rd1 Bc8 31.Kg2 Kg7 32.f4 gxf3+ 33.Bxf3 Re8 34.
Be2 Be6 35.Kf2 Rc8 36.Rd2 Rc1 37.Rd1 Rc3 38.Rd2 Rc1 39.Rd1 Rc8 40.Rd2 Kf6 
41.Ng2 Rc1 42.Nf4 Ra1 43.Nxe6 fxe6 44.Rc2 h6 45.Ke3 Kf5 46.a4 Rb1 47.Rc3 
Rb2 48.h3 a5 49.Bf1 Kf6 50.Be2 Nd7 51.Kf3 Nc5 52.Bd1 Rh2 53.h4 Rh1 54.Be2 
e5 55.Rc4 Re1 56.Ke3 Rg1 1/2-1/2

[Event "11th EUR-ch"]
[Site "Rijeka CRO"]
[Date "2010.03.06"]
[Round "1"]
[White "Drozdovskyi, Yuri"]
[Black "Golubovic, Boris"]
[Result "1/2-1/2"]
[WhiteElo "2627"]
[BlackElo "2392"]
[EventDate "2010.03.06"]
[PlyCount "62"]

1.d4 Nf6 2.c4 g6 3.Nc3 Bg7 4.e4 d6 5.f3 O-O 6.Bg5 c6 7.Qd2 a6 8.a4 a5 9.
Bd3 Na6 10.Rc1 Nb4 11.Bb1 d5 12.cxd5 cxd5 13.e5 Ne8 14.Nge2 f6 15.Bf4 fxe5
16.Bxe5 Bf5 17.Bxf5 Rxf5 18.Bxg7 Nxg7 19.O-O Rc8 20.Rfe1 Rc6 21.Ng3 Rff6 
22.Nf1 Nf5 23.Ne3 Nxe3 24.Rxe3 Rfe6 25.Rxe6 Rxe6 26.Nb5 Rc6 27.Rc3 Qf8 28.
Qg5 Qf6 29.Qxf6 exf6 30.Kf1 Kf8 31.Ke2 Ke7 1/2-1/2

[Event "11th EUR-ch"]
[Site "Rijeka CRO"]
[Date "2010.03.06"]
[Round "1"]
[White "Manea, Alexandru"]
[Black "Delchev, Alexander"]
[Result "0-1"]
[WhiteElo "2392"]
[BlackElo "2625"]
[EventDate "2010.03.06"]
[PlyCount "134"]

1.d4 d5 2.c4 c6 3.cxd5 cxd5 4.Nc3 Nf6 5.Nf3 Nc6 6.Bf4 a6 7.h3 Bf5 8.e3 e6 
9.Bd3 Bxd3 10.Qxd3 Be7 11.O-O O-O 12.Rac1 Rc8 13.Nd2 Nd7 14.Rfd1 Na5 15.
Ncb1 Qb6 16.Rc2 Nc6 17.Qb3 g5 18.Bh2 Qxb3 19.Nxb3 Nb4 20.Rxc8 Rxc8 21.Nc3 
Nb6 22.a3 Nc6 23.Rc1 Nc4 24.Rc2 b5 25.Na2 a5 26.g4 a4 27.Nbc1 f6 28.Nd3 
Kf7 29.Nc3 Na7 30.Na2 h5 31.Bg3 h4 32.Bh2 Nc6 33.Nc3 Na7 34.Na2 Ke8 35.
Nab4 Bxb4 36.Nxb4 Na5 37.Rxc8+ Nxc8 38.Kf1 Nc4 39.Nd3 Na7 40.Ke2 Nc6 41.
Kd1 b4 42.Kc1 bxa3 43.bxa3 N6a5 44.Kd1 Nb3 45.Bb8 Kd7 46.Ke2 Kc6 47.f4 
Nxa3 48.fxg5 fxg5 49.Nb4+ Kb5 50.Na2 Kc4 51.Bd6 Nb5 52.Bb4 N3xd4+ 53.exd4 
Kb3 54.Be7 Kxa2 55.Bxg5 Kb2 56.Be7 a3 57.Bxa3+ Kxa3 58.Ke3 Kb4 59.g5 Kc3 
60.Kf4 Nxd4 61.g6 Nf5 62.Ke5 d4 63.Kxe6 Nh6 64.Kf6 d3 65.g7 d2 66.Kg6 d1=Q
67.Kxh6 Qd5 0-1

[Event "11th EUR-ch"]
[Site "Rijeka CRO"]
[Date "2010.03.06"]
[Round "1"]
[White "Macieja, Bartlomiej"]
[Black "Zaslavsky, Mikhail"]
[Result "1/2-1/2"]
[WhiteElo "2625"]
[BlackElo "2391"]
[EventDate "2010.03.06"]
[PlyCount "113"]

1.Nf3 c5 2.c4 Nc6 3.d4 cxd4 4.Nxd4 Nf6 5.Nc3 e6 6.a3 Be7 7.e4 O-O 8.Nf3 
Qc7 9.Bd3 b6 10.O-O Bb7 11.Nb5 Qb8 12.Re1 d6 13.Bf4 Ne5 14.h3 Rd8 15.Rc1 
a6 16.Nc3 Qc7 17.Bf1 Rac8 18.Nd2 Nfd7 19.Bg3 Ng6 20.f4 Bh4 21.Bxh4 Nxh4 
22.Nf3 Ng6 23.g3 Nf6 24.Kh2 h5 25.Qd2 h4 26.Nxh4 Nxh4 27.gxh4 Qc5 28.Bd3 
g6 29.Rg1 Kg7 30.Rg5 Qd4 31.Rd1 Rh8 32.e5 dxe5 33.fxe5 Nh7 34.Rg3 Qxe5 35.
Bxg6 Nf6 36.Be4+ Ng4+ 37.Kg2 Bxe4+ 38.Nxe4 Qxe4+ 39.Kg1 Kh7 40.hxg4 Rxc4 
41.Rf1 Rf8 42.Qd6 Qd4+ 43.Qxd4 Rxd4 44.Kg2 Kg7 45.Rf2 Rfd8 46.Kh3 Rd2 47.
Rxd2 Rxd2 48.b4 a5 49.bxa5 bxa5 50.g5 Kg6 51.Rf3 Rd4 52.Rf6+ Kg7 53.Kg3 
Ra4 54.Rf3 Kg6 55.Rf6+ Kg7 56.Rf3 Kg6 57.Rf6+ 1/2-1/2